000 00422nam a2200157Ia 4500
005 20250508151106.0
008 008 250505s9999 xx 000 0 eng d
037 _aTextual
040 _aFEDL
_beng
_cFEDL
041 _aeng
_2eng
084 _a372.89109, WOR
_qFEDL
245 0 _aWorld wide adventures: A colorix book
300 _a94p.
942 _cTEXL
_h372.89109, WOR
999 _c1327544
_d1327544